| 000 | 00557 a2200181 4500 | ||
|---|---|---|---|
| 003 | Nust | ||
| 005 | 20230306133043.0 | ||
| 010 | _a 53000398 | ||
| 040 | _cNust | ||
| 082 | _a335.43,ROS | ||
| 100 |
_aRostow W.W _950276 |
||
| 245 |
_aThe Dynamics of Soviet Society / _cW.W Rostow |
||
| 260 |
_aUsA _bA mentor Book |
||
| 300 | _a264:p | ||
| 505 | _aThe Evolution Of Soviet Rule (Page-27), Cohesive Forces Istabilities And Tensions In Contemporary Soviet Society (Page-163), Conclusion (Page-217). | ||
| 650 |
_a Soviet Society _9109884 |
||
| 942 |
_2ddc _cBK |
||
| 999 |
_c184517 _d184517 |
||